[Event "Collado Villalba Madrid CA 1st"]
[Site "Collado Villalba"]
[Date "2017.03.22"]
[Round "3"]
[White "Castellanos, Jorge"]
[Black "Villar Reymundo, Juan Antonio"]
[Result "1/2-1/2"]
[WhiteElo "2214"]
[BlackElo "2214"]
[PlyCount "98"]
[EventDate "2017.03.20"]
[EventType "tourn"]
[EventRounds "9"]
[EventCountry "ESP"]
[EventCategory "2"]
[SourceTitle "EXT 2018"]
[Source "ChessBase"]
[SourceDate "2017.10.13"]
[SourceVersion "1"]
[SourceVersionDate "2017.10.13"]
[SourceQuality "1"]

1. e4 c5 2. Nf3 Nc6 3. Bb5 g6 4. 0-0 Bg7 5. Re1 Nf6 6. e5 Nd5 7. Nc3 Nc7 8. Bxc6 dxc6 9. d3 0-0 10. Bf4 Nd5 11. Nxd5 cxd5 12. d4 b6 13. h3 h6 14. Qd2 Kh7 15. Rad1 Be6 16. Nh2 Qc8 17. c3 a5 18. Nf1 c4 19. Ne3 b5 20. a3 Qd7 21. g4 Ra6 22. Bg3 f5 23. exf6 exf6 24. Qe2 f5 25. gxf5 Bxf5 26. Nxf5 Qxf5 27. Qg4 Qf7 28. Re2 h5 29. Qg5 Rf6 30. Rde1 Bh6 31. Qe5 Bf4 32. Bxf4 Rxf4 33. Qe7 Kh6 34. Qxf7 R8xf7 35. Rd2 b4 36. axb4 axb4 37. cxb4 Rb7 38. Re5 Rf5 39. Rxf5 gxf5 40. Re2 Kg5 41. Re5 Rb5 42. Kg2 Kf4 43. Kg1 Rxb4 44. Rxd5 Rxb2 45. Rc5 Rb1+ 46. Kg2 Rc1 47. d5 Ke5 48. d6+ Kxd6 49. Rxf5 c3 1/2-1/2

[Event "Madrid-chT 1213 Honor"]
[Site "Madrid"]
[Date "2013.02.10"]
[Round "9.23"]
[White "Castellanos, Jorge"]
[Black "Bolado Saez, Sergio"]
[Result "1-0"]
[WhiteElo "2191"]
[BlackElo "2388"]
[PlyCount "89"]
[EventDate "2012.11.18"]
[EventType "team"]
[EventRounds "14"]
[EventCountry "ESP"]
[SourceTitle "EXT 2014"]
[Source "ChessBase"]
[SourceDate "2013.11.20"]
[SourceVersion "1"]
[SourceVersionDate "2013.11.20"]
[SourceQuality "1"]
[WhiteTeam "Cafe Comercial"]
[BlackTeam "Villalba 64"]
[WhiteTeamCountry "ESP"]
[BlackTeamCountry "ESP"]

1. e4 c5 2. Nf3 d6 3. Bc4 Nd7 4. 0-0 a6 5. Be2 Ngf6 6. Nc3 b5 7. d4 cxd4 8. Nxd4 Bb7 9. Re1 e6 10. a3 Be7 11. f4 0-0 12. Bf3 Qc7 13. g4 Nb6 14. g5 Nfd7 15. f5 e5 16. Nde2 Rac8 17. Ng3 g6 18. f6 Bd8 19. Re2 Nc5 20. Nd5 Qd7 21. Kg2 Ne6 22. c3 Re8 23. h4 Nxd5 24. exd5 Nf4+ 25. Bxf4 exf4 26. Bg4 Rxe2+ 27. Qxe2 Bxd5+ 28. Kh3 Be6 29. Bxe6 fxe6 30. Ne4 Rc4 31. Re1 e5+ 32. Qg4 Qxg4+ 33. Kxg4 Bc7 34. Nd2 Rc6 35. Nf3 a5 36. h5 gxh5+ 37. Kf5 b4 38. axb4 axb4 39. Nd4 Rc4 40. g6 hxg6+ 41. Kxg6 d5 42. f7+ Kf8 43. Ne6+ Ke7 44. f8Q+ Kxe6 45. Qe8+ 1-0

[Event "Madrid-chT 1213 Honor"]
[Site "Madrid"]
[Date "2012.12.16"]
[Round "4.42"]
[White "Castellanos, Jorge"]
[Black "Almagro Llamas, Pablo"]
[Result "0-1"]
[WhiteElo "2191"]
[BlackElo "2442"]
[PlyCount "114"]
[EventDate "2012.11.18"]
[EventType "team"]
[EventRounds "14"]
[EventCountry "ESP"]
[SourceTitle "EXT 2014"]
[Source "ChessBase"]
[SourceDate "2013.11.20"]
[SourceVersion "1"]
[SourceVersionDate "2013.11.20"]
[SourceQuality "1"]
[WhiteTeam "Cafe Comercial"]
[BlackTeam "Virgen de Atocha"]
[WhiteTeamCountry "ESP"]
[BlackTeamCountry "ESP"]

1. e4 c6 2. c4 d5 3. cxd5 cxd5 4. exd5 Nf6 5. Bb5+ Nbd7 6. Nc3 g6 7. Nf3 Bg7 8. d6 exd6 9. 0-0 0-0 10. d4 a6 11. Bd3 Re8 12. Bf4 Nb6 13. Qd2 Bg4 14. Ng5 d5 15. h3 Bd7 16. b3 h6 17. Nf3 Ne4 18. Qb2 Bxh3 19. gxh3 Qf6 20. Bc7 Qxf3 21. Bxe4 dxe4 22. Bxb6 Re6 23. Nd5 e3 24. Nc7 e2 25. Nxe6 exf1R+ 26. Rxf1 fxe6 27. Rc1 Qxh3 28. Rc3 Qg4+ 29. Rg3 Qd1+ 30. Kg2 g5 31. Qc3 Rf8 32. Qe3 e5 33. Qe4 exd4 34. Rd3 Qc2 35. Bxd4 Rf4 36. Qd5+ Kh7 37. Be3 Rf6 38. Qe4+ Rg6 39. Bd4 Bxd4 40. Rxd4 Qxe4+ 41. Rxe4 Rb6 42. Kg3 Kg6 43. Re7 Kf6 44. Rc7 Rb4 45. Rh7 Kg6 46. Rd7 h5 47. f3 b6 48. Rd5 Rb5 49. Rd8 Rf5 50. Rg8+ Kf6 51. Rb8 h4+ 52. Kg2 Rb5 53. Ra8 a5 54. Kh3 Rf5 55. Kg4 Rf4+ 56. Kh5 h3 57. Rf8+ Kg7 0-1

[Event "Madrid Chamartin op 1st"]
[Site "Madrid"]
[Date "2012.09.13"]
[Round "6"]
[White "Castellanos, Jorge"]
[Black "Gonzalez Pabollet, Jesus Maria"]
[Result "1-0"]
[WhiteElo "2201"]
[BlackElo "1978"]
[PlyCount "63"]
[EventDate "2012.09.09"]
[EventType "swiss"]
[EventRounds "9"]
[EventCountry "ESP"]
[SourceTitle "CBM 150 Extra"]
[Source "ChessBase"]
[SourceDate "2012.10.19"]
[SourceVersion "1"]
[SourceVersionDate "2012.10.19"]
[SourceQuality "1"]

1. e4 c5 2. Nf3 e6 3. b3 a6 4. Bb2 Nc6 5. g3 Nf6 6. e5 Nd5 7. c4 Nde7 8. Bg2 Qc7 9. 0-0 Rb8 10. Re1 b5 11. d3 Nf5 12. Nbd2 d5 13. exd6 Nxd6 14. d4 cxd4 15. Nxd4 Nxd4 16. Bxd4 Nf5 17. Bb2 Bb4 18. a3 Bxd2 19. Qxd2 bxc4 20. Be5 Qa7 21. Bc6+ Ke7 22. Qg5+ f6 23. Bxb8 Qc5 24. Ba7 Qxc6 25. Qxf5 e5 26. Qe4 Qc7 27. Qe3 Qb7 28. bxc4 Kf7 29. Rab1 Qa8 30. Rb8 Qc6 31. Qc5 Qd7 32. Qd5+ 1-0

[Event "El Sauzal op 8th"]
[Site "El Sauzal"]
[Date "2007.11.04"]
[Round "6"]
[White "Barlov, Dragan"]
[Black "Castellanos, Jorge"]
[Result "1-0"]
[WhiteElo "2469"]
[BlackElo "2136"]
[PlyCount "48"]
[EventDate "2007.11.03"]
[EventType "swiss (rapid)"]
[EventRounds "9"]
[EventCountry "ESP"]
[SourceTitle "CBM 121 Extra"]
[Source "ChessBase"]
[SourceDate "2008.01.10"]
[SourceVersion "1"]
[SourceVersionDate "2008.01.10"]
[SourceQuality "1"]

1. Nf3 Nf6 2. c4 e6 3. d4 d5 4. Nc3 c6 5. Bg5 Be7 6. e3 a6 7. Qc2 b5 8. b3 Nbd7 9. Bd3 h6 10. Bh4 0-0 11. 0-0 Re8 12. Rfd1 Bb7 13. c5 a5 14. h3 b4 15. Na4 Ba6 16. Bxa6 Rxa6 17. a3 Ne4 18. Bxe7 Qxe7 19. axb4 axb4 20. Nb2 Rea8 21. Rxa6 Rxa6 22. Nd3 Nb8 23. Nxb4 Ra3 24. Qb2 Qa7 1-0